| 000 | 00561nam a2200217 a 4500 | ||
|---|---|---|---|
| 999 |
_c5798 _d5798 |
||
| 001 | 5798) | ||
| 003 | BD-JhCC | ||
| 005 | 20180102175727.0 | ||
| 008 | 171221s bg |||| ||a| 000 0 eng d | ||
| 035 | _a(BD-JhCC) 5798) | ||
| 040 |
_aBD-JhCC _dBD-JhCC |
||
| 041 | _aeng | ||
| 082 |
_a677.028 _bISL |
||
| 100 | _aIslam, Md. Ashrafull | ||
| 245 |
_aScience of Textile Raw materials / _cMd. Ashrafull Islam, |
||
| 260 |
_aDhaka : _bHYBRIDE COMPUTER CENTRE , |
||
| 300 |
_a61 p .: _c22 cm . |
||
| 650 | _aTextile Fibers | ||
| 942 |
_2ddc _cBK |
||